Brad Bird Filmography - Statistics

General Stats
  • This quiz has been taken 15 times
    8 since last reset
  • The average score is 14 of 37
Answer Stats
Year Movie % Correct
2018 Incredibles 2
100%
2007 Ratatouille
100%
2004 The Incredibles
100%
TBD Incredibles 3
80%
2011 Mission Impossible: Ghost Protocol
80%
1999 The Iron Giant
80%
2012 Brave
60%
2011 Cars 2
60%
2017 Cars 3
60%
2015 Inside Out
60%
2013 Monsters University
60%
2015 Tomorrowland
60%
2008 WALL-E
60%
1987 *batteries not included
40%
2017 Coco
40%
2016 Finding Dory
40%
2022 Lightyear
40%
2015 The Good Dinosaur
40%
2019 Toy Story 4
40%
2009 Up
40%
2002 Dan Danger
20%
2007 Fog City Mavericks
20%
2015 Jurassic World
20%
2024 Megalopolis
20%
2001 Mickey's Magical Christmas: Snowed in at the House of Mouse
20%
2025 Ray Gunn
20%
1985 The Black Cauldron
20%
2010 Toy Story 3
20%
1980 Animalympics
0%
2019 Frozen II
0%
1979 The Black Hole
0%
1981 The Fox and the Hound
0%
2007 The Pixar Story
0%
1982 The Plague Dogs
0%
2000 The Road to El Dorado
0%
2004 The Spongebob Squarepants Movie
0%
2022 Werewolf by Night
0%
No matching quizzes found
Score Distribution
Percent of People with Each Score
Percentile by Number Answered
Your Score History
You have not taken this quiz since the last reset